000 00705nam a2200205 a 4500
005 19891103115845.5
008 880317s1988 ii b 001 0 eng
010 _aENG-92301
020 _c300.00
035 _aEN-75834
037 _bDBAD / PUB
040 _adpl
_bEnglish
082 _a808.883
100 _aShivanath
245 _aReminiscences of a Jammuite /
_cby Shivanath
260 _aJammu
_bKashmir Times Publications
_c2007
300 _a344p.:
_c22cm (Hb)
_bb&w photos
942 _2ddc
_cEN
_mSHI
_h808.883
999 _c20381
_d20381